Guardianxs de semillas (Registro nro. 17704)

Detalles MARC
000 -LDR (LÍDER)
Campo de control de longitud fija 01109nam a2200301 a 4500
003 - IDENTIFICADOR DEL NÚMERO DE CONTROL
Campo de control CO-PeBPR
005 - FECHA Y HORA DE LA ÚLTIMA TRANSACCIÓN
Campo de control 20260413155950.0
008 - ELEMENTOS DE DATOS DE LONGITUD FIJA--INFORMACIÓN GENERAL
Campo de control de longitud fija 260413b |||||||| |||| 00| 0 eng d
020 ## - Código Internacional normalizado para libros
Código Internacional normalizado para libros 9786289531213
040 0# - FUENTE DE CATALOGACIÓN
Agencia catalogadora original CO-PeBPR
Idioma de la agencia catalogadora spa
Agencia que transcribe CO-PeBPR
Norma para la descripción rda
041 0# - Código del Idioma
Código idioma del recurso original spa
082 04 - NÚMERO DE CLASIFICACIÓN DECIMAL DEWEY
Número de clasificación 770 C172g
100 1# - ASIENTO PRINCIPAL--NOMBRE PERSONAL
Nombre personal Camacho, Chelo
Términos de relación autor
245 10 - MENCIÓN DE TÍTULO
Título propiamente dicho Guardianxs de semillas
Mención de responsabilidad / Chelo Camacho y Nathalia Angarita: edición Santiago Escobar Jaramillo... [y otros tres]
250 ## - MENCIÓN DE EDICIÓN
Mención de edición Primera edición
264 #1 - Área de la Producción Publicación, Distribución, Manufactura, etc.
Lugar de publicación, distribución, etc. Bogotá, Colombia
Nombre de la editorial, distribuidor, etc. : Matiz Taller Editorial
Fecha de publicación, distribución, etc. , 2022
300 ## - DESCRIPCIÓN FÍSICA
Extensión 150 páginas
Otros detalles físicos : ilustraciones, fotografías a color
Dimensiones ; 25 centímetros
336 ## - Tipo de Contenido
Tipo de contenido texto
Código de tipo de contenido txt
Fuente rdacontenido
337 ## - Tipo de Medio
Tipo de Medio sin mediación
Código de tipo de medio n
Fuente rdamedio
338 ## - Tipo de Soporte
Tipo de soporte volumen
Código de tipo de soporte nc
Fuente rdasoporte
490 ## - MENCIÓN DE SERIE
Título de la serie Plan Nacional de Lectura y Escritura Leer es mi Cuento / Ministerio de Cultura
650 14 - ASIENTO SECUNDARIO DE MATERIA - TÉRMINO TEMÁTICO
Fuente del encabezado o término LEMB
Encabezamiento temático Cultivos hortícolas
650 14 - ASIENTO SECUNDARIO DE MATERIA - TÉRMINO TEMÁTICO
Fuente del encabezado o término LEMB
Encabezamiento temático Aspectos ambientales
Subdivisión general Fotografías
700 1# - ASIENTO SECUNDARIO - NOMBRE PERSONAL
Nombre personal Angarita, Nathalia
Término de relación, rol en la obra fotógrafa
700 1# - ASIENTO SECUNDARIO - NOMBRE PERSONAL
Nombre personal Usma, Janeth
Término de relación, rol en la obra editora
700 1# - ASIENTO SECUNDARIO - NOMBRE PERSONAL
Nombre personal Camacho, Chelo
Término de relación, rol en la obra fotógrafo
942 ## - ENTRADA DE ELEMENTOS AGREGADOS (KOHA
Fuente de clasificación o esquema de estantería. Dewey Decimal Classification
Tipo de ítem Libro
Existencias
Estado de pérdida Fuente del sistema de clasificación o colocación Estado de daño No disponible para préstamo Colección Biblioteca de origen Biblioteca actual Ubicación en estantería Signatura topográfica completa Ejemplar Código de barras Tipo de ítem Fecha de adquisición Fuente de adquisición Total de pagos Fecha de la última vez visto
  Dewey Decimal Classification     General Sala de Patrimonio Bibliográfico y Documental - Biblioteca Departamental Sala de Patrimonio Bibliográfico y Documental - Biblioteca Departamental Área General 770 C172g Ej.1 RIBPD15334 Libro 13/04/2026 Dotación MinCultura y BNC   13/04/2026